| 000 | 02957nam a22003737a 4500 | ||
|---|---|---|---|
| 005 | 20090316110612.0 | ||
| 010 | _aHIN-90998 B-428952-959 | ||
| 020 |
_c395.00 _a9789380146683 |
||
| 035 | _aHN-63344 | ||
| 035 | _aB-428952-959 | ||
| 037 | _bDBAD / PUB | ||
| 037 | _bवर्चुअस | ||
| 082 | _a811.08 | ||
| 100 |
_aकालिदास _91152 |
||
| 245 |
_aऋतुसंहार / _cकालिदास |
||
| 246 |
_aRitusamhaar _bby Kalidasa |
||
| 260 |
_aनई दिल्ली _bकिताबघर प्रकाशन _c2010 |
||
| 270 |
_a4855-56/24, अंसारी रोड, दरियागंज _bनई दिल्ली _e110002 |
||
| 300 |
_a180पृ. _c23सेमी (सजिल्द) |
||
| 700 | _924212 | ||
| 700 | _924373 | ||
| 700 | _924219 | ||
| 942 |
_2ddc _cHN _mकालिदा _h811.08 |
||
| 999 |
_c48634 _d48634 |
||